MARC

Tag First Indicator Second Indicator Subfields
LEADER 00000cas a2200000 a 4500
001 in00002785619
005 20151202172123.0
006 m o d
007 cr |||||||||||
008 800121d19211969dcuar oo 1 0eng c
010 |a  2010235320 
019 |a 70790258  |a 565405725  |a 607680045  |a 652276178 
022 |y 0272-5045  |l 0272-5045  |z 0066-0647 
029 1 |a NZ1  |b 12441349 
029 1 |a AU@  |b 000044926963 
029 1 |a AU@  |b 000045714257 
035 |a (OCoLC)ocm60648818 
035 |a (OCoLC)60648818  |z (OCoLC)70790258  |z (OCoLC)565405725  |z (OCoLC)607680045  |z (OCoLC)652276178 
040 |a CUD  |b eng  |c CUD  |d OCLCQ  |d BUF  |d RCJ  |d OCLCE  |d EYM  |d HUL  |d OCLCQ  |d OCL  |d OCLCQ  |d UtOrBLW 
042 |a pcc  |a dlr 
049 |a TXAM 
050 1 4 |a KZ27.A67  |b A47 
090 |a JX27  |b .A5 Electronic 
110 2 |a American Society of International Law.  |b Annual Meeting. 
240 1 0 |a Proceedings of the American Society of International Law at its ... Annual Meeting (1921 : Online) 
245 1 0 |a Proceedings of the American Society of International Law at its ... Annual Meeting. 
264 1 |a Washington, D.C. :  |b Published by the Society,  |c 1921-1969. 
310 |a Annual 
336 |a text  |b txt  |2 rdacontent 
337 |a computer  |b c  |2 rdamedia 
338 |a online resource  |b cr  |2 rdacarrier 
362 0 |a 15th (Apr. 27-30, 1921)-63rd (Apr. 24-26, 1969). 
500 |a Title from cover (JSTOR, viewed Oct. 7, 2010). 
506 |3 Use copy  |f Restrictions unspecified  |5 MiAaHDL  |2 star 
520 |a List of members in each vol. 
533 |a Electronic reproduction.  |b [S.l.] :  |c HathiTrust Digital Library,  |d 2010.  |5 MiAaHDL 
580 |a The Proceedings of the 64th-66th Annual Meetings were published as issue no. 4 of vols. 64-66 of the American journal of international law; the Proceedings of the 67th Annual Meeting was in no. 5 of v. 67 of the journal. Beginning with the 68th, the Proceedings resumed being published separately. 
583 1 |a digitized  |c 2010  |h HathiTrust Digital Library  |l committed to preserve  |5 MiAaHDL  |2 pda 
588 |a Description based on print version record. 
500 |a Electronic resource. 
610 2 0 |a American Society of International Law  |v Congresses. 
650 0 |a International law  |v Congresses. 
650 6 |a Droit international  |x Périodiques. 
650 6 |a Droit international privé  |x Périodiques. 
776 0 8 |i Print version:  |a American Society of International Law. Meeting.  |t Proceedings of the American Society of International Law at its ... Annual Meeting  |x 0272-5045  |w (DLC) 10003581  |w (OCoLC)5898296 
777 1 |t American journal of international law  |w (OCoLC)569196849 
780 0 0 |a American Society of International Law.  |t Proceedings of the American Society of International Law at the meeting of its Executive Council (Online)  |w (OCoLC)681718412 
785 0 0 |a American Society of International Law. Meeting.  |s Proceedings of the ... Annual Meeting (Online)  |w (DLC) 2010235319  |w (OCoLC)43545563 
948 |a cataloged  |b h  |c 2012/12/17  |d c  |e spoltoratski  |f 1:46:16 pm  |g sc 
994 |a C0  |b TXA 
999 |a MARS 
999 f f |s d1bbf675-f89c-33b3-b330-d312b324015d  |i f5b51812-b208-3c99-9229-7423b3e07b1e  |t 0 
952 f f |a Texas A&M University  |b College Station  |c Electronic Resources  |d Available Online  |t 0  |e JX27 .A5  |g Electronic  |h Library of Congress classification 
998 f f |a JX27 .A5  |t 0  |l Available Online